La réforme pénale soviétique. Code pénal, code de procédure pénale et loi d'organisation judiciaire de la R.S.F.S.R du 27 Octobre 1960

Gardado en:
Detalles Bibliográficos
Autor Principal: Ancel, Marc (Author)
Formato: Libro
Idioma:Lingua castelá
Publicado: París Centre Francais de Droit Comparé 1962
Subjects:
Tags: Engadir etiqueta
Sen Etiquetas, Sexa o primeiro en etiquetar este rexistro!

MARC

LEADER 00000nam a2200000 a 4500
001 UCS0323
003 CL-VaPUC
008 970418e19620000FR |||||||||||||||||spa|d
082 0 4 |a 345.47  |b ANC  |2 21 
100 0 |a Ancel, Marc  |e author  |9 383631 
245 1 3 |a La réforme pénale soviétique. Code pénal, code de procédure pénale et loi d'organisation judiciaire de la R.S.F.S.R du 27 Octobre 1960 
300 |a 248 p 
942 |c BK 
945 |d 19970418 00:00:00  |a paguirre 
260 |a París  |b Centre Francais de Droit Comparé  |c 1962 
650 7 |a DERECHO PENAL  |2 CL-VaPUC  |9 11 
650 0 |a Códigos  |9 352314 
650 0 |a Procedimiento penal  |9 254974 
650 0 |a Delitos  |9 224143 
650 0 |a Penas   |9 255927 
650 7 |a DELITOS CONTRA LA SEGURIDAD DEL ESTADO  |2 CL-VaPUC  |9 383632 
650 0 |a Delitos contra la propiedad   |9 256091 
650 7 |a DELITOS CONTRA LA LIBERTAD  |2 CL-VaPUC  |9 368474 
650 7 |a DELITO ECONOMICO  |2 CL-VaPUC  |9 342973 
651 0 |a Unión Soviética  |9 256769 
583 |a last modification  |c 19970418 00:00:00  |k Rodrigo Vera 
999 |c 258555  |d 258553 
952 |0 0  |1 0  |4 0  |6 345_470000000000000_ANC_1962  |7 0  |8 A  |9 282738  |a BIBDER  |b BIBDER  |d 2019-11-19  |i 1833758  |o 345.47 ANC 1962  |p 1833758  |r 2019-11-19  |w 2019-11-19  |y BK  |k DER